| 000 | 00631nam a2200205Ia 4500 | ||
|---|---|---|---|
| 003 | OSt | ||
| 005 | 20230405144232.0 | ||
| 008 | 210423s2001 xx 000 0 und d | ||
| 020 | _a9780521149204 | ||
| 040 | _cAL | ||
| 041 | _aeng | ||
| 082 | _a420.9 WOOT | ||
| 100 |
_aWOODWARD (Tessa). _983517 |
||
| 245 | _aPlanning lessons and courses: designing sequences of work for the language classroom. | ||
| 260 |
_aNew Delhi _bCambridge University Press _c2001 |
||
| 300 |
_axv,249 _bPB |
||
| 365 |
_b395 _cINR |
||
| 906 | _aclassroom. ; courses: ; designing ; language ; lessons ; Planning ; sequences ; work | ||
| 942 |
_2ddc _cBK |
||
| 999 |
_c158142 _d158142 |
||